00701nab a2200253 uc450000100070000000500170000700800410002403500110006503500210007604000130009704100080011010000290011824500520014765000350019965000200023465000110025465000160026565000110028165000190029265000180031165000190032970000360034877300630038463822620240817091348.0001125s1999 spa  a638226 a(OCoLC)819862407 ccomduadb aspa10aUhlemann, Jens4auteaut10aAromas encapsulados para productos inteligentes 7aIndustria alimentaria2agrovoc aEncapsulación aAromas aSolubilidad aAromas aAglomeración aGranulación aRevestimientos10aSchleifenbaum, Birgit4auteaut0 tContact (Holzminden)gNo. 79, 1999, p. 4-8w126297070196